Nuevo régimen de información para administradores de consorcio (Registro nro. 15721)

Detalles MARC
000 -LEADER
fixed length control field 00379 a2200121 4500
001 - CONTROL NUMBER
control field ART_31493
005 - DATE AND TIME OF LATEST TRANSACTION
control field 20260410161707.0
008 - FIXED-LENGTH DATA ELEMENTS--GENERAL INFORMATION
fixed length control field 260409a
100 1# - MAIN ENTRY--PERSONAL NAME
Personal name Carratalá, Juan Martín
245 10 - TITLE STATEMENT
Title Nuevo régimen de información para administradores de consorcio
700 1# - ADDED ENTRY--PERSONAL NAME
Personal name Albano, Horacio O.
773 0# - HOST ITEM ENTRY
Title Revista Impuestos
Related parts - Nº 2 (ene. 2007)
Record control number REV639

No hay ítems disponibles.